Artes. (Record no. 4659)

MARC details
000 -CABECERA
campo de control de longitud fija 00797nam a2200253 a 4500
001 - NÚMERO DE CONTROL
campo de control BRCA_4965
005 - FECHA Y HORA DE LA ÚLTIMA TRANSACCIÓN
campo de control 20190320204900.0
008 - DATOS DE LONGITUD FIJA--INFORMACIÓN GENERAL
campo de control de longitud fija 221010d1953----ve-a######---#000-0#spa-#
041 ## - CÓDIGO DE LENGUA
Código de lengua del texto/banda sonora o título independiente spa
044 ## - CÓDIGO DEL PAÍS DE LA ENTIDAD EDITORA/PRODUCTORA
Código MARC del país ve
050 #4 - SIGNATURA TOPOGRÁFICA DE LA BIBLIOTECA DEL CONGRESO
Número de clasificación PQ530
Número de documento/Ítem .A78 1953
245 10 - MENCIÓN DE TÍTULO
Título Artes.
260 ## - PUBLICACIÓN, DISTRIBUCIÓN, ETC.
Lugar de publicación, distribución, etc. Caracas
Nombre del editor, distribuidor, etc. Compañía Shell de Venezuela
Fecha de publicación, distribución, etc. 1953
300 ## - DESCRIPCIÓN FÍSICA
Extensión 130 p.
Otras características físicas il.
Dimensiones 26 cm.
Material acompañante/anejo Álbum de fotografías
500 ## - NOTA GENERAL
Nota general Junio. Publicación trimestral
500 ## - NOTA GENERAL
Nota general Con dedicatoria de Manuel J. Santaella a Franz Mayer
500 ## - NOTA GENERAL
Nota general Revista inventariada por Banco de México como libro
500 ## - NOTA GENERAL
Nota general Estado físico: Cubierta deteriorada
500 ## - NOTA GENERAL
Nota general DD19
650 14 - PUNTO DE ACCESO ADICIONAL DE MATERIA--TÉRMINO DE MATERIA
Término de materia o nombre geográfico como elemento de entrada Arte venezolano
Subdivisión de forma Revistas
9 (RLIN) 12632
650 14 - PUNTO DE ACCESO ADICIONAL DE MATERIA--TÉRMINO DE MATERIA
Término de materia o nombre geográfico como elemento de entrada Arte
Subdivisión de forma Publicación periódica
Subdivisión geográfica Caracas, Venezuela
9 (RLIN) 12633
902 ## - CATALOGADOR
Iniciales GFM
942 ## - ELEMENTOS DE PUNTO DE ACCESO ADICIONAL (KOHA)
Fuente del sistema de clasificación o colocación Library of Congress Classification
Tipo de ítem Koha Libros
Holdings
Estado de retiro Estado de pérdida Estado dañado No para préstamo Localización permanente Ubicación/localización actual Fecha de adquisición Número de inventario Total de préstamos Signatura topográfica completa Código de barras Fecha visto por última vez Precio válido a partir de Tipo de ítem Koha
El ejemplar forma parte de la colección y puede ser consultado según las políticas vigentes.       Biblioteca del Museo Franz Mayer (Rogerio Casas-Alatriste) Biblioteca del Museo Franz Mayer (Rogerio Casas-Alatriste) 22/10/2010 DD19   PQ530 .A78 1953 (DD19) 5032 22/03/2019 22/03/2019 Libros